Normal view
MARC view
- Knott, J. Webster.
Entry Personal Name
001 - CONTROL NUMBER
- control field: 25087
003 - CONTROL NUMBER IDENTIFIER
- control field: NUST
005 - DATE AND TIME OF LATEST TRANSACTION
- control field: 20191030123017.0
008 - FIXED-LENGTH DATA ELEMENTS
- fixed length control field: 191030|| aca||aabn | a|a d
040 ## - CATALOGING SOURCE
- Original cataloging agency: NUST
- Transcribing agency: NUST
100 ## - HEADING--PERSONAL NAME
- Personal name: Knott, J. Webster.
670 ## - SOURCE DATA FOUND
- Source citation: Work cat.: (NUST)0: Knott, Mary Fisher. 25084, Kitchen and bath design :, c2011.
